Tri pobožné piesne k blahoslavenej Panne Marii

Bibliographic Details
Format: Book
Language:Slovak
PhysicalDescription:8 s. 8°
Published: Uhorská Skalica [s.n.] [s.a.]
Subjects:

MARC

LEADER 00000nam a2200000 a 4500
001 vtls008402862
003 SK-MaSNL
005 20260301021126.0
008 251124s xo slo
015 |a SKSNBA19011918-002284 
035 |a SK01SNKBSKFE20010095079 
035 |a SKM000097542 
040 |a SNK  |b slo  |c SNK  |e AACR2 
041 1 |a slo 
044 |a xo 
080 |a 245  |2 1981 
245 1 0 |a Tri pobožné piesne k blahoslavenej Panne Marii 
260 |a Uhorská Skalica  |b [s.n.]  |c [s.a.]  |e Uhorská Skalica  |f Jozef Teslík 
300 |a 8 s.  |c 8° 
500 |a Obál. tit. 
650 0 7 |a piesne duchovné rímskokatolícke  |2 SNK  |9 309580 
655 7 |a knihy  |2 SNKPH  |9 307098 
655 7 |a hudobniny  |2 SNKPH  |9 293743 
852 |a Slovenská národná knižnica v Martine  |b 10000  |h MS SD 16610/72 
958 |a RK 
958 |a TL 
999 |c 564643  |d 566573 
952 |a SNK  |b SNK  |y PREZ  |7 0  |p 17A0603779  |o snkSD 16610/72  |i snkK 464/81  |8 3  |0 0  |1 0  |4 0  |d 2008-11-22  |l 0  |r 2025-12-01 00:00:00  |w 2026-02-23